000 00866cam a22002775a 4500
001 ocn326704121
003 EG-ScBUE
005 20221020112707.0
008 090518s2009 it a f b 000 0deng d
020 _a9788864130118
040 _aBTCTA
_beng
_erda
_cBTCTA
_dBWX
_dOCLCQ
_dCLE
_dC3L
_dIUL
_dIUL
_dEG-ScBUE
082 0 4 _a720.9
_222
_bCOP
100 1 _aCoppa, Alessandra,
_eauthor.
245 1 0 _aMario Botta /
_cAlessandra Coppa.
250 _aFirst English edition.
264 1 _aMilan :
_bMotta,
_c2009.
300 _a119 pages :
_billustrations ;
_c27 cm.
490 0 _aMinimum essential architecture library series
504 _aIncludes bibliographical references.
600 1 7 _aBotta, Mario,
_d1943-
_xCriticism and interpretation.
_2BUEsh
650 _2BUEsh
651 _2BUEsh
653 _bGGEN
_cMay2018
655 _vReading book
942 _2ddc
_cBB
999 _c26687
_d26659